40 Famous People from Netherlands - Statistics

General Stats
  • This quiz has been taken 336 times
    211 since last reset
  • The average score is 15 of 40
Answer Stats
Hint Answer % Correct
Painter whose famous work is The Starry Night Vincent Van Gogh
86%
Young Jewish diarist who was hiding from the Nazis in Amsterdam Anne Frank
82%
One of the painter renowned for his portrayals of human emotion Rembrandt Van Rijn
72%
2021, 2022 and 2023 Formula One world champion Max Verstappen
67%
Captain of the team who played in the 1974 FIFA World Cup final Johann Cruyff
63%
AC Milan footballer who retired at age 28 due to an injury Marco Van Basten
61%
Explorer who discovered New Zealand Abel Tasman
60%
Artists who painted The Girl with a Pearl Earring Johannes Vermeer
59%
Queen of the Netherlands from 1980 until her abdication in 2013 Beatrix of the Netherlands
58%
Cofounder of a rock band known for hit song Jump Eddie Van Halen
58%
Dutch national team winning captain at 1988 UEFA Euro Ruud Gullit
57%
King of the Netherlands since 2013 Willem-Alexander of the Netherlands
56%
DJ best known for his singles Animals and In the Name of Love Martin Garrix
54%
Goalkeeper who played 130 times for the national team Edwin van der Sar
48%
Exotic dancer and convicted of being a German spy during WWI Mata Hari
46%
Footballer who played and later was the manager of Barcelona Ronald Koeman
45%
Football striker who played for Ajax, Arsenal, and Inter Milan Dennis Bergkamp
44%
Defensive midfielder who played for Ajax and AC Milan Frank Rijkaard
40%
Queen of the Netherlands from 1948 to 1980 Juliana of the Netherlands
39%
Female athlete who is the indoor world record holder in the 400 metres Femke Bol
37%
Longest-serving monarch in Dutch history Wilhelmina of the Netherlands
37%
Theologian who criticized the Catholic church Desiderius Erasmus
29%
Actress who played Melisandre in Game of Thrones Carice van Houten
28%
Tennis player who won men's single title at Wimbledon in 1996 Richard Krajicek
28%
Director of films RoboCop, Total Recall and Basic Instinct Paul Verhoeven
27%
DJ who stared the radio show A State of Trance Armin Van Buuren
26%
Actor who played in Blade Runner and Ladyhawke Rutger Hauer
23%
Female track and field athlete who competes in the sprints Dafne Schippers
19%
Actress who played Jean Grey/Phoenix in the X-Men Famke Janssen
19%
Astronomer, circumstellar disc in the outer Solar system named Gerard Kuiper
16%
"The Dunking Dutchman" who played for Indiana Pacers Rik Smits
16%
Pop and jazz singer known for song A Night Like This Caro Emerald
14%
Scientist who founded the wave theory of light Christiaan Huygens
14%
Male swimmer and a triple Olympic champion Pieter van den Hoogenband
14%
Explorer who searched for a Northeast passage. Willem Barentsz
14%
Actor who played the role of Daario Naharis in Game of Thrones Michiel Huisman
11%
Renaissance painter of the Early Netherlandish painting school Hieronymus Bosch
10%
Female swimmer and four-time Olympic champion Inge de Bruijn
8%
Victoria's Secret Angel from 2008 until 2014 Doutzen Kroes
7%
Director of the films Speed and Twister Jan de Bont
7%
No matching quizzes found
Score Distribution
Percent of People with Each Score
Percentile by Number Answered
Your Score History
You have not taken this quiz since the last reset